Etica para amador

Guardat en:
Dades bibliogràfiques
Autor principal: Savater, Fernando (Autor)
Format: Llibre
Idioma:espanyol
Publicat: Madrid Ariel 1991
Col·lecció:Apeiron, Invitación a la Filosofía
Matèries:
Etiquetes: Afegir etiqueta
Sense etiquetes, Sigues el primer a etiquetar aquest registre!

MARC

LEADER 00000nam a2200000 a 4500
001 UCL3042
003 CL-VaPUC
008 031114e19910000SP |||||||||||||||||spa|d
020 |a 9509122025 
082 0 4 |a 170.07  |b SAV  |2 21 
100 0 |a Savater, Fernando  |e author  |9 480266 
245 1 0 |a Etica para amador 
300 |a 189 p 
942 |c BK 
945 |d 20031114 00:00:00  |a vberengu 
260 |a Madrid  |b Ariel  |c 1991 
650 0 |a Ética  |9 255099 
650 0 |a Educación moral  |9 308319 
650 0 |a Valores morales   |9 310604 
583 |a last modification  |c 20031114 00:00:00  |k Rodrigo Vera 
490 0 |a Apeiron, Invitación a la Filosofía 
999 |c 306177  |d 306175 
952 |0 0  |1 0  |4 0  |6 170_070000000000000_SAV_1991  |7 0  |8 A  |9 370966  |a BIBTEO  |b BIBTEO  |d 2019-11-21  |i 3079619  |o 170.07 SAV 1991  |p 3079619  |r 2025-01-17  |w 2019-11-21  |y BK  |k ICR